| 000 | 01822nam a2200529 i 4500 | ||
|---|---|---|---|
| 001 | 35738 | ||
| 003 | KOSZ 005 | ||
| 005 | 20220421145011.0 | ||
| 008 | 990310s1999 pl a |000 0 pol | ||
| 015 | _aUWD 1999/3376 | ||
| 020 | _a8320811643 | ||
| 035 | _a991009086619705066 | ||
| 035 | _a(PL-WaBN)b12466979-48omnis_nlop | ||
| 035 | _ab12466979 | ||
| 035 | _a(OCoLC)823716745 | ||
| 035 | _acc99214092 | ||
| 035 | _a(PL)b0000001246697 | ||
| 035 | _a(EXLNZ-48OMNIS_NETWORK)9910246697405606 | ||
| 040 |
_aWA N _cWA N _dKOSZ 005/HR |
||
| 041 | 1 |
_apol _heng |
|
| 080 | _a330 | ||
| 080 | _a(075.8) | ||
| 100 | 1 |
_aSmith, Peter _d(1947- ) _eAutor |
|
| 245 | 1 | 0 |
_aEkonomia - zbiór zadań / _cPeter Smith, David Begg ; red. nauk. Zbigniew Matkowski ; tł. Andrzej Ciopiński [et al.]. |
| 246 | 1 |
_iTyt. oryg.: _aEconomics workbook |
|
| 246 | 1 | 8 | _aZbiór zadań |
| 260 |
_aWarszawa : _bPolskie Wydawnictwo Ekonomiczne, _c1999. |
||
| 300 |
_a517, [3] s. : _bwykr. ; _c24 cm. |
||
| 336 |
_aTekst _btxt _2rdacontent |
||
| 337 |
_aBez urządzenia pośredniczącego _bn _2rdamedia |
||
| 338 |
_aWolumin _bnc _2rdacarrier |
||
| 380 | _aKsiążki | ||
| 380 | _aPublikacje dydaktyczne | ||
| 385 |
_mPoziom nauczania _aSzkoły wyższe |
||
| 388 | _a1901-2000 | ||
| 388 | _a1989-2000 | ||
| 650 | 7 |
_aEkonomia _2DBN |
|
| 655 | 7 |
_aPodręczniki akademickie _2DBN |
|
| 658 | _aGospodarka, ekonomia, finanse | ||
| 700 | 1 |
_aBegg, David K. H. _eAutor |
|
| 700 | 1 |
_aCiopiński, Andrzej _eTłumaczenie |
|
| 700 | 1 |
_aMatkowski, Zbigniew _d(1941- ) _eRedakcja |
|
| 710 | 2 |
_aPolskie Wydawnictwo Ekonomiczne _4pbl |
|
| 856 |
_uhttp://koha.tu.koszalin.pl/cgi-bin/koha/opac-detail.pl?biblionumber=35738 _yKatalog online BPK |
||
| 942 |
_2UKD _cKS |
||
| 999 |
_c35738 _d35738 |
||